Least Obese Oceanian Countries - Statistics

General Stats
  • This quiz has been taken 10 times
  • The average score is 6 of 6
Answer Stats
% Country % Correct
29.0 Australia
100%
30.8 New Zealand
100%
21.3 Papua New Guinea
90%
22.5 Solomon Islands
90%
25.2 Vanuatu
90%
30.2 Fiji
80%
No matching quizzes found
Score Distribution
Percent of People with Each Score
Percentile by Number Answered
Your Score History
You have not taken this quiz